| 000 -LEADER |
| fixed length control field |
01028nam a2200313zi 4500 |
| 001 - CONTROL NUMBER |
| control field |
022565684 |
| 003 - CONTROL NUMBER IDENTIFIER |
| control field |
UkOxU |
| 005 - DATE AND TIME OF LATEST TRANSACTION |
| control field |
20230116175101.0 |
| 007 - PHYSICAL DESCRIPTION FIXED FIELD--GENERAL INFORMATION |
| fixed length control field |
ta |
| 008 - FIXED-LENGTH DATA ELEMENTS--GENERAL INFORMATION |
| fixed length control field |
200106e202009uuxxk j |||||||0|0 eng|d |
| 020 ## - INTERNATIONAL STANDARD BOOK NUMBER |
| International Standard Book Number |
9781406393569 (hbk.) : |
| 035 ## - SYSTEM CONTROL NUMBER |
| System control number |
(UK-WkNB)9781406393569 |
| 035 ## - SYSTEM CONTROL NUMBER |
| System control number |
(StEdALDL)1/3940619 |
| 040 ## - CATALOGING SOURCE |
| Original cataloging agency |
UK-WkNB |
| Language of cataloging |
eng |
| Description conventions |
rda |
| Transcribing agency |
UK-WkNB |
| Modifying agency |
KH8 |
| 049 ## - LOCAL HOLDINGS (OCLC) |
| Holding library |
CROBAR |
| 082 ## - DEWEY DECIMAL CLASSIFICATION NUMBER |
| Classification number |
428.1 ARR |
| 100 1# - MAIN ENTRY--PERSONAL NAME |
| Personal name |
Arrhenius, Ingela P., |
| Relator term |
author. |
| 245 10 - TITLE STATEMENT |
| Title |
Numbers, Colours, Opposites, Shapes and Me! : |
| Remainder of title |
A Pop-Up Book / |
| Statement of responsibility, etc. |
Ingela P. Arrhenius; Illustrated by Ingela P. Arrhenius. |
| 264 #1 - PRODUCTION, PUBLICATION, DISTRIBUTION, MANUFACTURE, AND COPYRIGHT NOTICE |
| Place of production, publication, distribution, manufacture |
London : |
| Name of producer, publisher, distributor, manufacturer |
Walker Books Ltd, |
| Date of production, publication, distribution, manufacture, or copyright notice |
2020. |
| 264 #2 - PRODUCTION, PUBLICATION, DISTRIBUTION, MANUFACTURE, AND COPYRIGHT NOTICE |
| Place of production, publication, distribution, manufacture |
GB : |
| Name of producer, publisher, distributor, manufacturer |
Grantham Book Services Ltd |
| 264 #2 - PRODUCTION, PUBLICATION, DISTRIBUTION, MANUFACTURE, AND COPYRIGHT NOTICE |
| Place of production, publication, distribution, manufacture |
AU : |
| Name of producer, publisher, distributor, manufacturer |
Harper Entertainment Distribution Services |
| 264 #2 - PRODUCTION, PUBLICATION, DISTRIBUTION, MANUFACTURE, AND COPYRIGHT NOTICE |
| Place of production, publication, distribution, manufacture |
NZ : |
| Name of producer, publisher, distributor, manufacturer |
Harper Entertainment Distribution Services |
| 264 #2 - PRODUCTION, PUBLICATION, DISTRIBUTION, MANUFACTURE, AND COPYRIGHT NOTICE |
| Place of production, publication, distribution, manufacture |
ZA : |
| Name of producer, publisher, distributor, manufacturer |
Booksite Afrika |
| 300 ## - PHYSICAL DESCRIPTION |
| Extent |
12 pages ; |
| Dimensions |
28x24x1 cm |
| 366 ## - TRADE AVAILABILITY INFORMATION |
| Detailed date of publication |
20200903 |
| Availability status code |
IP 20200902 |
| ISO country code |
GB |
| MARC country code |
xxk |
| Source of availability status code |
UK-WkNB |
| 500 ## - GENERAL NOTE |
| General note |
Hardback. |
| 650 ## - SUBJECT ADDED ENTRY--TOPICAL TERM |
| Topical term or geographic name entry element |
Board books |
| 942 ## - ADDED ENTRY ELEMENTS (KOHA) |
| Source of classification or shelving scheme |
|
| Koha item type |
Books - Non Ficton |